000 00427nam a2200157Ia 4500
008 240729s9999 xx 000 0 und d
022 _a1917-7844
245 0 _aInternational Journal of Special Education
260 _aPoland
260 _bSped Ltd.
650 _a Special aspects of education
650 _aEducation
856 _uhttps://doaj.org/toc/cb1a5bab88924ec8bded42960dc5534e
942 _2ddc
942 _cDOAJEJ
999 _c68960
_d68960
945 _a1
_bMadushi Gamage
_c1
_dMadushi Gamage